000 00606nam a2200229Ia 4500
003 OSt
005 20220918221137.0
006 a|||||r|||| 00| 0
007 ta
008 220917b |||||||| |||| 00| 0 eng d
024 _a148,436
037 _cTextual
040 _aARTS
_cARTS
_beng
041 _2eng
_aeng
082 _aS860MY, K6
100 _aCase Marurice
_9139254
245 0 _aRecreation for blind adults
_b organized programs in specialized settings
260 _c1966
650 _aPSYCHOLOGY
942 _hS860MY, K6
_cTEXL
_2CC
999 _c271113
_d271113